[Event "AUTO-INT-77"]
[Site "http://www.queenalice.com/game.php?id=95459"]
[Date "2006.8.13"]
[Round "2"]
[White "SirPhillip"]
[Black "BaronFel"]
[Result "0-1"]
[WhiteElo "1566"]
[BlackElo "1817"]

1. e4 e5 2. Be2 Bc5 3. Nh3 Nf6 4. Ng5 d6 5. O-O h6 6. Nh3 Bxh3 7. gxh3 Nxe4 8.
Nc3 Ng5 9. Bg4 O-O 10. b3 f5 0-1

[Event "AUTO-OPEN-1421"]
[Site "http://www.queenalice.com/game.php?id=531150"]
[Date "2009.1.29"]
[Round "1"]
[White "SirPhillip"]
[Black "Archer"]
[Result "0-1"]
[WhiteElo "1487"]
[BlackElo "1679"]

1. d4 d5 2. Nc3 e6 3. Nf3 Nc6 4. Be3 Bb4 5. g3 Bxc3+ 6. bxc3 h6 7. Bh3 Nf6 8.
O-O O-O 9. Rb1 Ne4 10. Nh4 Nxc3 11. Qc1 Nxe2+ 12. Kg2 Nxc1 13. Rfxc1 e5 14. Bxc8
Qxc8 15. Rb5 Qe6 16. Rxb7 exd4 17. Bf4 g5 18. Rxc7 gxf4 19. gxf4 Qg4+ 20. Kh1
Qxf4 21. Rxc6 Qxc1+ 22. Kg2 Kh7 23. Kg3 d3 0-1

[Event "AUTO-OPEN-1421"]
[Site "http://www.queenalice.com/game.php?id=531151"]
[Date "2009.1.29"]
[Round "1"]
[White "Archer"]
[Black "SirPhillip"]
[Result "1/2-1/2"]
[WhiteElo "1807"]
[BlackElo "1472"]

1. e4 Nf6 2. Bd3 Nc6 3. Nf3 e5 4. O-O Bc5 5. a3 O-O 6. b4 Bd4 7. Nxd4 exd4 8.
Bc4 Nxe4 9. d3 Ng5 10. f4 Ne6 11. c3 d5 12. Bb5 Rb8 13. c4 dxc4 14. Bxc4 b5 15.
Ba2 g5 16. f5 Nf4 17. Bxf4 gxf4 18. Qg4+ Kh8 19. h4 Ne5 20. Qxf4 Nxd3 21. Qg5
Rg8 22. Qxd8 Rxd8 23. Bxf7 Rf8 24. Be6 Bb7 25. Rd1 Be4 26. Nd2 Bxf5 27. Bxf5
Rxf5 28. Ne4 Re5 29. Nf6 Nf4 30. Kh1 Rd8 31. a4 Ra8 32. Rxd4 Ne6 33. Rd7 Ng7 34.
Rxc7 bxa4 35. g4 Rd8 36. Rxa7 h5 37. gxh5 Rd4 38. h6 Rxh4+ 39. Kg2 Rxh6 40. Nd7
Re7 41. R1xa4 Rg6+ 42. Kf3 Nf5 43. b5 Rd6 44. Ra8+ Kg7 45. Nc5 Nd4+ 46. Kg4 Nxb5
47. Ne4 Rd4 48. Rxd4 Nxd4 49. Nd6 Kf6 50. Nc4 Re4+ 51. Kh5 Ke7 52. Kg6 Re6+ 53.
Kg5 1/2-1/2

[Event "AUTO-OPEN-1421"]
[Site "http://www.queenalice.com/game.php?id=531152"]
[Date "2009.1.29"]
[Round "1"]
[White "SirPhillip"]
[Black "Marre08"]
[Result "1-0"]
[WhiteElo "1464"]
[BlackElo "1521"]

1. d4 d5 2. Nc3 Nf6 3. g3 Nc6 4. e3 e6 5. Bd2 Bb4 6. Nb5 a6 7. Bxb4 Nxb4 8. c3
Nc6 9. Na3 O-O 10. Bd3 e5 11. Nf3 e4 12. Bf1 exf3 13. Qxf3 Bg4 14. Qg2 Ne4 15.
f3 Bxf3 16. Qxf3 b5 17. O-O-O Qf6 18. Qxf6 Nxf6 19. Rd2 Ne4 20. Re2 b4 21. cxb4
Nxb4 22. Kb1 Rab8 23. Bh3 g6 24. Bg2 c6 25. Rc1 Nd3 26. Rxc6 1-0

[Event "AUTO-OPEN-1421"]
[Site "http://www.queenalice.com/game.php?id=531153"]
[Date "2009.1.29"]
[Round "1"]
[White "Marre08"]
[Black "SirPhillip"]
[Result "0-1"]
[WhiteElo "1479"]
[BlackElo "1482"]

1. e4 Nf6 2. e5 Ne4 3. Qe2 d5 4. d3 Nc5 5. d4 Ne4 6. f3 Nd6 7. exd6 Qxd6 8. Nc3
Nc6 9. Be3 e5 10. dxe5 Nxe5 11. Bd4 f6 12. Bxe5 fxe5 13. Nb5 Qb4+ 14. c3 Qe7 15.
f4 c6 16. Na3 exf4 17. Qxe7+ Bxe7 18. Nf3 O-O 19. Bd3 h6 20. O-O Bf6 21. Nc2 c5
22. Rfe1 c4 23. Be2 a5 24. Ncd4 Bd7 25. b3 Rac8 26. bxc4 dxc4 27. Red1 Rfe8 28.
Bxc4+ Rxc4 29. Rab1 Rb8 30. Rb3 a4 0-1

[Event "AUTO-INT-1323"]
[Site "http://www.queenalice.com/game.php?id=594124"]
[Date "2009.5.27"]
[Round "1"]
[White "SirPhillip"]
[Black "SGF"]
[Result "0-1"]
[WhiteElo "1483"]
[BlackElo "1620"]

1. d4 e6 2. e4 d5 3. Nc3 Bb4 4. Ne2 dxe4 5. Bd2 Bxc3 6. Bxc3 Nc6 7. g3 Nf6 8. d5
exd5 9. Nf4 d4 10. Bd2 Bg4 11. Be2 Bxe2 12. Qxe2 O-O 13. O-O Re8 14. c3 d3 15.
Qd1 Ng4 16. Qxg4 Ne5 17. Qd1 Nf3+ 18. Kg2 Qf6 19. Rh1 Rad8 0-1

[Event "AUTO-INT-1323"]
[Site "http://www.queenalice.com/game.php?id=594126"]
[Date "2009.5.27"]
[Round "1"]
[White "SirPhillip"]
[Black "The_Searcher"]
[Result "1-0"]
[WhiteElo "1485"]
[BlackElo "1347"]

1. d4 d5 2. Nc3 Nf6 3. Nf3 Bg4 4. Ne5 e6 5. f3 Bf5 6. e4 dxe4 7. fxe4 Bg4 8. Be2
Bxe2 9. Qxe2 Bb4 10. O-O O-O 11. Qf2 Be7 12. Rd1 Bb4 13. Qe2 Bd6 14. Nc4 c5 15.
d5 a6 16. h3 exd5 17. exd5 Re8 18. Be3 b5 19. Na5 Qxa5 20. Rf1 Ne4 21. Nxe4 Bc7
22. Qh5 Re5 23. Qg4 g6 24. Rf6 Bd8 25. Rf4 Rxd5 26. Raf1 Bc7 27. Rxf7 Rf5 28.
R1xf5 h5 29. Qxg6+ 1-0

[Event "AUTO-INT-1323"]
[Site "http://www.queenalice.com/game.php?id=594127"]
[Date "2009.5.27"]
[Round "1"]
[White "The_Searcher"]
[Black "SirPhillip"]
[Result "0-1"]
[WhiteElo "1357"]
[BlackElo "1472"]

1. e4 e5 2. Nf3 d6 3. Bc4 Nh6 4. Nc3 Nc6 5. O-O Be7 6. d3 g5 7. Nxg5 Bxg5 8.
Bxg5 Qxg5 9. g3 Bh3 10. f4 Qg6 11. Re1 Ng4 12. f5 Qg8 13. Nd5 Kd8 14. c3 a6 15.
a4 b5 16. axb5 axb5 17. Rxa8+ Kd7 18. Bb3 Qxa8 19. Nf6+ Nxf6 20. Bxf7 Nd8 21.
Kf2 Nxf7 22. c4 b4 23. b3 Qa2+ 0-1

[Event "AUTO-INT-1498"]
[Site "http://www.queenalice.com/game.php?id=674957"]
[Date "2009.10.30"]
[Round "1"]
[White "SirPhillip"]
[Black "DanizinhaBH"]
[Result "0-1"]
[WhiteElo "1488"]
[BlackElo "1719"]

1. d4 d5 2. Nc3 Nf6 3. g3 e6 4. f3 Bb4 5. Bh3 Bxc3+ 6. bxc3 O-O 7. e3 Nc6 8. Ne2
e5 9. Bxc8 Qxc8 10. O-O e4 0-1

[Event "AUTO-INT-1498"]
[Site "http://www.queenalice.com/game.php?id=674968"]
[Date "2009.10.30"]
[Round "1"]
[White "P_E_D_R_O"]
[Black "SirPhillip"]
[Result "1-0"]
[WhiteElo "1564"]
[BlackElo "1445"]

1. e4 Nf6 2. d3 e6 3. h3 Bc5 4. d4 Bd6 5. Qe2 O-O 6. e5 Bb4+ 7. c3 Be7 8. Nf3 b6
9. exf6 Bxf6 10. Ne5 Bxe5 11. Qxe5 h6 12. Bd3 g6 13. Bxh6 Kh7 14. Qg7# 1-0

[Event "AUTO-INT-1498"]
[Site "http://www.queenalice.com/game.php?id=674969"]
[Date "2009.10.30"]
[Round "1"]
[White "SirPhillip"]
[Black "P_E_D_R_O"]
[Result "1-0"]
[WhiteElo "1434"]
[BlackElo "1475"]

1. d4 d5 2. Nc3 e6 3. Nf3 Nc6 4. Bf4 a6 5. g3 Bd6 6. Bh3 Nf6 7. O-O Bxf4 8. gxf4
O-O 9. Qd3 g6 10. Ng5 h6 11. Nf3 Nb4 12. Qd2 Qd6 13. a3 Nc6 14. b4 b5 15. Rab1
Bd7 16. a4 Qe7 17. axb5 axb5 18. Nxb5 Rac8 19. Ra1 Nxb4 20. Rfb1 Nc6 21. Qc3 Ne8
22. Rb2 Nd6 23. Nd2 Qh4 24. Kg2 Qxf4 25. e3 Qg5+ 26. Kh1 f5 27. Rg1 Qf6 28. Rg3
Kh7 29. Rb1 f4 30. Rg4 fxe3 31. fxe3 e5 32. Kg1 1-0

[Event "AUTO-INT-1498"]
[Site "http://www.queenalice.com/game.php?id=674975"]
[Date "2009.10.30"]
[Round "1"]
[White "SirPhillip"]
[Black "FAZquem"]
[Result "0-1"]
[WhiteElo "1462"]
[BlackElo "1443"]

1. d4 d5 2. Nc3 Nf6 3. Bg5 Ne4 4. Nb1 Nxg5 5. h4 Ne4 6. g3 e6 7. Nf3 Bd6 8. Bh3
Nc6 9. c3 e5 10. Qd3 exd4 11. Nxd4 Ne5 12. Qd1 Qf6 13. Bxc8 Qxf2# 0-1

[Event "Challenge"]
[Site "http://www.queenalice.com/game.php?id=1151592"]
[Date "2013.2.13"]
[Round "-"]
[White "Marcelo_Araujo"]
[Black "SirPhillip"]
[Result "1-0"]
[WhiteElo "1799"]
[BlackElo "1452"]

1. e4 e5 2. Nf3 Bd6 3. Bc4 Nf6 4. Nc3 Na6 5. Bxa6 bxa6 6. O-O O-O 7. b3 Bb7 8.
Re1 c6 9. Bb2 a5 10. d3 Bc5 11. Nxe5 Qb6 12. Rf1 Rad8 13. Ng4 Nxg4 14. Qxg4 Qc7
15. Nd5 f5 16. Qxg7# 1-0

[Event "Challenge"]
[Site "http://www.queenalice.com/game.php?id=1156508"]
[Date "2013.3.1"]
[Round "-"]
[White "SirPhillip"]
[Black "Marcelo_Araujo"]
[Result "0-1"]
[WhiteElo "1450"]
[BlackElo "1784"]

1. d4 e5 2. dxe5 Nc6 3. Bf4 d6 4. Nc3 Bf5 5. exd6 Bxd6 6. Bxd6 Qxd6 7. Qxd6 cxd6
8. O-O-O O-O-O 9. Nf3 Nf6 10. e4 Bxe4 11. Ng5 Bg6 12. Nb5 Kb8 13. Bd3 Rd7 14.
Rhe1 Bxd3 15. Rxd3 h6 16. Nf3 Rhd8 17. Red1 d5 18. h3 Nb4 19. Ra3 a6 20. Nc3 Ne4
21. Nxe4 dxe4 22. Rxd7 Rxd7 23. Ne5 Rc7 24. Rc3 Nxa2+ 25. Kd2 Nxc3 26. bxc3 f5
27. Ng6 Rd7+ 28. Kc1 Rc7 29. Kb2 Rd7 30. Nf8 Rd2 31. Nd7+ Kc7 32. Nc5 Rxf2 33.
g3 Rf3 34. Ne6+ Kd6 35. Nxg7 Ke5 36. Nh5 b5 37. Kb3 e3 38. Nf4 Rxg3 39. Ne2 Rxh3
40. Kb4 Rh2 41. Nd4 Rh4 42. Ka5 Rxd4 43. cxd4+ Kxd4 44. Kxa6 Kc3 45. Kxb5 Kxc2
46. Kc4 e2 47. Kd5 e1=Q 48. Kd4 Qe4+ 49. Kc5 Kc3 50. Kd6 Kc4 51. Kc7 Kc5 52. Kb8
Kc6 53. Ka7 Kc7 0-1

[Event "Porque não ?"]
[Site "http://www.queenalice.com/game.php?id=1170202"]
[Date "2013.4.10"]
[Round "-"]
[White "Marcelo_Araujo"]
[Black "SirPhillip"]
[Result "1-0"]
[WhiteElo "1676"]
[BlackElo "1447"]

1. e4 Nf6 2. Nf3 Nc6 3. Nc3 e6 4. Bb5 Na5 5. O-O Bb4 6. d3 Bxc3 7. bxc3 c6 8.
Ba4 O-O 9. Bb2 b5 10. Bb3 c5 11. c4 Qb6 12. cxb5 Qxb5 13. Bxf6 gxf6 14. e5 fxe5
15. Re1 d6 16. Ng5 h6 17. Nf3 Bb7 18. Nh4 e4 19. Rxe4 Nc6 20. Qg4+ 1-0